Návrh automatického upínacieho zariadenia

Gespeichert in:
Bibliographische Detailangaben
1. Verfasser: Mahaj, Ondrej (Verfasst von)
Weitere Verfasser: Mudriková, Andrea (Betreuung Doktorarbeit)
Format: Manuskript Buch
Sprache:Slowakisch
Veröffentlicht: 2018
Schlagworte:
Online-Zugang:http://is.stuba.sk/zp/portal_zp.pl?podrobnosti=138655
Tags: Tag hinzufügen
Keine Tags, Fügen Sie das erste Tag hinzu!

MARC

LEADER 00000ntm a22000003a 4500
001 stuzp68043
003 SK-STU
005 20180820155814.1
007 ta
008 150427s2015----xo-----f-mn---000-0-slo-d
040 |a STU  |b slo 
041 0 |a slo 
100 1 |a Mahaj, Ondrej  |u 063000  |4 aut  |U MTF Materiálovotechnologická fakulta  |T MTF Ústav výrobných technológií  |X 6711  |U M3000  |Y 83  |7 A000006711 
242 0 1 |a A layout of an automatic tightening equipment  |y eng 
245 1 0 |a Návrh automatického upínacieho zariadenia 
260 |c 2018 
650 4 |a upínacie zariadenie  |2 slo 
650 4 |a automatizácia  |2 slo 
650 4 |a automatického upínacieho zariadenia  |2 slo 
650 4 |a tightening equipment  |2 eng 
650 4 |a automation  |2 eng 
650 4 |a automatic tightening equipment  |2 eng 
700 1 |a Mudriková, Andrea  |u 063000  |k Z2  |4 ths  |U MTF Materiálovotechnologická fakulta  |T MTF Ústav výrobných technológií  |X 2218  |U M3000  |Y 83  |7 A000002218 
856 4 |u http://is.stuba.sk/zp/portal_zp.pl?podrobnosti=138655 
996 |c M* DP-13468  |l MMSKP  |s P  |a 0  |w stuzp68043_0001